Biblioteca

Border crossings (Registro nro. 64548)

Detalles MARC
000 -LÍDER
Campo fijo de descripción fija 02653cam a22004454i 4500
001 - NÚMERO DE CONTROL
Campo de control 14884315
003 - IDENTIFICADOR DEL NÚMERO DE CONTROL
Campo de control CO-MdFUSB
005 - FECHA Y HORA DE LA ULTIMA TRANSACCIÓN
control field 20180919113530.0
008 - ELEMENTOS DE LONGITUD FIJA -- INFORMACIÓN GENERAL
Campo fijo de descripción fija -- Información general 070608t2007 nyu g b 011 0 eng
010 ## - NÚMERO DE CONTROL DE LA BIBLIOTECA DEL CONGRESO
Número de control LC 2007023992
020 ## - NÚMERO INTERNACIONAL NORMALIZADO PARA LIBROS
Número Internacional Normalizado del libro 9781570757457
020 ## - NÚMERO INTERNACIONAL NORMALIZADO PARA LIBROS
Número Internacional Normalizado del libro 1570757453
040 ## - FUENTE DE CATALOGACIÓN
Agencia de catalogación original DLC
Agencia que realiza la transcripción CO-MdFUSB
Agencia que realiza la modificación CO-MdFUSB
Idioma de catalogación spa
Convenciones de la descripción rda
041 ## - CÓDIGO DE IDIOMA
Código de idioma para texto/pista de sonido o título separado eng
082 00 - NÚMERO DE CLASIFICACIÓN DECIMAL DEWEY
Número de la edición del Dewey 24
Número de clasificación G 220.6
Clave de autor-Numero de item B728b
245 10 - TÍTULO
Título del Material Border crossings
Parte restante del título - Subtitulo : cross-cultural hermeneutics
Mención de responsabilidad, etc. / editado por D.N. Premnath.
264 ## - PRODUCCIÓN, PUBLICACIÓN, DISTRIBUCIÓN, MANUFACTURA, Y COPYRIGHT
Lugar de producción, publicación, distribución, manufactura Maryknoll, N.Y. :
Nombre del productor, publicador, distribuidor Orbis Books,
Fecha de producción, publicación, distribución, manufactura, o copyright ℗2007
264 #4 - PRODUCCIÓN, PUBLICACIÓN, DISTRIBUCIÓN, MANUFACTURA, Y COPYRIGHT
Fecha de producción, publicación, distribución, manufactura, o copyright ©2007
300 ## - DESCRIPCIÓN FÍSICA
Extensión xi, 179 páginas ;
Dimensiones 24 cm.
336 ## - TIPO DE CONTENIDO
Fuente rdacontent
Término de tipo de contenido texto
Código de tipo de contenido txt
337 ## - TIPO DE MEDIO
Fuente rdamedia
Nombre del tipo de medio sin mediación
Código del tipo de medio n
338 ## - TIPO DE SOPORTE
Fuente rdacarrier
Nombre del tipo de soporte volumen
Código Tipo de soporte nc
500 ## - NOTA GENERAL
Nota General "Essays in honor of "R.S. Sugirtharajah"--p. [v].
501 ## - NOTA DE “CON”
Nota de Contenido Incluye índice (páginas 173- 179)
504 ## - NOTA DE BIBLIOGRAFÍA, ETC.
Nota de bibliografía, etc "Works by R.S. Sugirtharajah": páginas 167-169.
505 0# - NOTA DE CONTENIDO
Nota de contenido con formato preestablecido Adelante: Una palabra de gratitud y felicitaciones "desde el margen" / Fernando F. Segovia -- Introducción / DN Premnath -- Parte 1. Perspectivas bíblicas: -- 1. Abram y Sarai cruzan la frontera: leyendo Génesis 12: 10-20 con gente en movimiento / Jean-Pierre Ruiz -- 2. Akkamahadevi y la mujer samaritana: paradigmas de resistencia y espiritualidad / Monica Jyotsna Melanchthon -- 3. Una historia de dos conversiones: los poderosos son derribados y los humildes son reacios / Charles Amjad-Ali -- 4. Crítica hermenéutica bíblica de Li Rongfang: en el contexto socio-intelectual de China / Archie CC Lee -- Parte 2. Perspectivas teológicas: -- 5. Que Dios sea Bod: cruzar fronteras como una práctica teológica / M. Thomas Thangaraj -- 6. Una teología del pasaje fronterizo / Kwok Pui-lan -- Parte 3. Perspectivas pedagógicas: -- 7. Transformación curricular: soñar con la descolonización en estudios teológicos / Musa W. Dube -- 8. " Despertar" a un nuevo enfoque de la Biblia / S. Wesley Ariarajah -- Parte 4. Por Perspectivas sonales: -- 9. Márgenes y mainstream: una entrevista con R. S. Sugirtharajah / D. N. Premnath
630 07 - TITULO UNIFORME
Título uniforme Biblia
Subdivisión de materia general Crítica, interpretación, etc.
650 #7 - ASIENTO SECUNDARIO DE MATERIA - TERMINO TEMÁTICO
Término temático o nombre geográfico como elemento de entrada Hermenéutica
9 (RLIN) 418
700 1# - ASIENTO SECUNDARIO - NOMBRE PERSONAL
Nombre personal Premnath, Devadasan Nithya.
700 1# - ASIENTO SECUNDARIO - NOMBRE PERSONAL
Nombre personal Sugirtharajah, R. S.
Fuller form of name (Rasiah S.)
906 ## - LOCAL DATA ELEMENT F, LDF (RLIN)
a 7
b cbc
c orignew
d 1
e ecip
f 20
g y-gencatlg
942 ## - TIPO DE MATERIAL (KOHA)
Tipo de Item KOHA Libros General
Existencias
Estado de Material Estado de Perdido Forma de Clasificación Estado de Dañado No para Préstamo Colección Biblioteca de Origen Biblioteca Permanente Fecha de Adquisición Total de Préstamos Signatura Topográfica Código de Barras Última vez visto Ejemplar/Existencia Fecha de Remplazo Tipo de Material
    Dewey Decimal Classification     Colección General Biblioteca FUSBC Biblioteca FUSBC 19/09/2018   G 220.6 B728b 22895 12/12/2019 Ej. 1 19/09/2018 Libros General

Biblioteca FUSBC | Teléfono: (57+4) 349 88 10 Ext. 141| WhatsApp (+57) 3005338115 
E-mail: biblioteca@unisbc.edu.co | Calle 76 87-14 Robledo Palenque, Medellín, Colombia

Con tecnología Koha